000 00556nam a22002057a 4500
003 OSt
005 20251217070430.0
008 251217b |||||||| |||| 00| 0 eng d
020 _a0-679-76270-1
040 _aDWCL-Main lib.
_cOC
082 _aFic. W736a 1994
100 _aWinterson, Jeanette
245 _aArt & lies/
_cJeanette Winterson
260 _aNew York :
_bVintage International,
_cc1994.
300 _a206 p. ;
_c20 cm.
650 _a1. Artists
650 _a2. Psychology
650 _a3. Fiction
942 _2ddc
_cFIC.
_hFic.
_n0
999 _c7176
_d7176